Statistiques concernant Culture Générale - Série 1423

Cliquez ici pour prendre le quiz!

Statistiques générales

  • Ce quiz a été pris 71 fois
  • Le résultat moyen est 4 sur 10

Statistiques - réponses

QuestionRéponse% Correct
Quel pays bordé à l'est par la Russie a pour capitale Minsk ?Biélorussie
97%
Quel nom familier, a-t-on donné aux soldats de la Première Guerre mondiale ?poilus
87%
Dans le film de 1959 "La Vache et le Prisonnier", quel est le nom de la vache qui accompagne Fernandel ?Marguerite
75%
Selon la légende, avec quelle arme Guillaume Tell a-t-il transpercé d'une flèche, une pomme posée sur la tête de son fils ?arbalète
73%
En 1958, quelle actrice incarne Florence, dans "Ascenseur pour l'échafaud" de Louis Malle, aux côtés de Maurice Ronet ?Jeanne Moreau
27%
Dans quel pays se trouve le lac Saimaa ?Finlande
16%
À quel président du Conseil doit-on la création du ministère du Travail en 1906 ?Georges Clemenceau
15%
Quel mouvement et journal clandestin fut créé par le résistant Henri Frenay en décembre 1941, né de la fusion des journaux "Vérités" et "Liberté" ?Combat
12%
En 1908, à quel compositeur autrichien doit-on “Le Chant de la terre” ?Gustav Mahler
7%
En 1888, quel écrivain français publie “Le Train de 8 h 47” ?Georges Courteline
4%

Distribution des résultats

Percentile par nombre de réponses

% des personnes avec chaque résultat

Votre développement - résultats

Vous n’avez pas pris ce quiz